Organic action plan (Record no. 117815)
[ view plain ]
| 000 -LEADER | |
|---|---|
| fixed length control field | 01085cam a2200217 4500 |
| 001 - CONTROL NUMBER | |
| control field | WB@3612-795 |
| 008 - FIXED-LENGTH DATA ELEMENTS--GENERAL INFORMATION | |
| fixed length control field | 040804n2004 000 0 eng u |
| 035 ## - SYSTEM CONTROL NUMBER | |
| System control number | (Sirsi) u127008 |
| 245 ## - TITLE STATEMENT | |
| Title | Organic action plan |
| 260 ## - PUBLICATION, DISTRIBUTION, ETC. | |
| Date of publication, distribution, etc. | 2004 |
| 490 ## - SERIES STATEMENT | |
| Series statement | DEFRA News Release |
| Volume/sequential designation | (307/04) 2 August 2004 (3) |
| 520 ## - SUMMARY, ETC. | |
| Summary, etc. | "Action plan to develop organic food and farming in England: two years on" has been launched. It picks up on the work of the original plan launched in July 2002 and looks at the considerable amount of progress made and makes further recommendations. At the beginning of 2004, 696 000 hectares of UK farmland was under organic production - up from 30 000 in 1993. This market is projected to grow by 9% a year to 2007. The plan can be viewed at: http://www.defra.gov.uk/farm/organic/actionplan/in dex.htm. http://www.defra.gov.uk/news/2004/040802b.htm |
| 590 ## - LOCAL NOTE (RLIN) | |
| Local note | WB |
| 590 ## - LOCAL NOTE (RLIN) | |
| Local note | WB |
| 650 ## - SUBJECT ADDED ENTRY--TOPICAL TERM | |
| Topical term or geographic name entry element | ORGANIC FOOD |
| 650 ## - SUBJECT ADDED ENTRY--TOPICAL TERM | |
| Topical term or geographic name entry element | ORGANIC FARMING |
| 650 ## - SUBJECT ADDED ENTRY--TOPICAL TERM | |
| Topical term or geographic name entry element | ORGANIC PRODUCE |
| 650 ## - SUBJECT ADDED ENTRY--TOPICAL TERM | |
| Topical term or geographic name entry element | SUSTAINABLE FARMING |
| 690 ## - LOCAL SUBJECT ADDED ENTRY--TOPICAL TERM (OCLC, RLIN) | |
| Topical term or geographic name as entry element | RURAL-AGRICULTURE AND FORESTRY |
| 942 ## - ADDED ENTRY ELEMENTS (KOHA) | |
| Suppress in OPAC | 0 |
| Withdrawn status | Lost status | Source of classification or shelving scheme | Damaged status | Not for loan | Home library | Current library | Shelving location | Date acquired | Total Checkouts | Full call number | Barcode | Date last seen | Copy number | Price effective from | Koha item type |
|---|---|---|---|---|---|---|---|---|---|---|---|---|---|---|---|
| Dewey Decimal Classification | London | London | News article | 04/08/2004 | WB403017 | 127008-1001 | 06/08/2019 | 1 | 06/08/2019 | News article |